Представление документа в формате RUSMARC

ПолеНазваниеЗначение
  Тип записи a
  Библиографический уровень m
001 Контрольный номер LIBNET\0001502388
005 Дата корректировки 20260616151731.0
010 Индекс ISBN __
a ISBN 978-5-04-215548-2
b Уточнения в пер.
9 Тираж 7000 экз.
100 Данные общей обработки __
a Данные общей обработки 20260520d2025 u y0rusy50 ca
101 Язык документа 0_
a Язык текста rus
102 Страна публикации __
a Страна публикации RU
105 Кодированные данные (монография) __
a Кодированные данные (монография) y z 000ay
200 Заглавие и сведения об ответственности 1_
a Заглавие Шёлковые дети
e Сведения, относящиеся к заглавию роман
f Первые сведения об ответственности Наталья Соловьева
203 Вид содержания и тип средства __
a Вид содержания Текст
b Характеристика содержания визуальный
c Тип средства непосредственный
210 Выходные данные 1_
a Место издания Москва
c Издательство Эксмо
d Дата издания 2025
215 Физическое описание __
a Объем 313, [5] c.
d Формат 21 см
225 Серия 1_
a Серия Вечные семейные ценности
i Наименование части Психологический детектив Натальи Соловьевой
300 Общие примечания __
a Общие примечания Содержит нецензурную брань
300 Общие примечания __
a Общие примечания На обложке: От автора бестселлера "Однажды ты узнаешь"
333 Примечание о целевом назначении __
a Примечание о целевом назначении 18+
517 Другие варианты заглавия 1_
a Другие варианты заглавия Шелковые дети
606 Тематические рубрики 0_
a Основная рубрика Исторические романы и рассказы (х. л.)
610 Ключевые слова 0_
a Ключевые слова исторические романы русские; романы исторические
686 Индексы других классификаций __
a Классификационный индекс 84Р2-42
2 Код системы rubbk
700 Автор _1
a Фамилия Соловьева
b Имя (инициалы) Н. В.
c Титул (звания) автор прозы
g Полное личное имя Наталья Васильевна
801 Источник записи _0
a Страна RU
b Организация Владимирская ОУНБ
c Дата составления 20250926
g Правила каталогизации RCR
801 Источник записи _1
a Страна RU
b Организация Владимирская ОУНБ
c Дата составления 20250926
g Правила каталогизации RCR
801 Источник записи _2
a Страна RU
b Организация Ульяновская ОНБ
c Дата составления 20260520
g Правила каталогизации RCR
900 Электронные ресурсы __
a Имя электронного ресурса много20260067
900 Электронные ресурсы __
a Имя электронного ресурса много20260068
901 Тип документа __
t Тип документа m
909 Создатель записи __
a Создатель записи Макушик
b Дата создания записи 20260520
910 Корректоры записи __
a Корректор записи Горбункова
b Дата внесения изменения в запись 20260616